000 03023nab a2200277 i 4500
003 BR-BrBNA
005 20250919162930.0
008 250919b2021 bl.ar|pooa||| 00| 0 eng |
040 _aBR-BrBNA
_beng
072 _aF70
100 _aVianna Filho, Marcelo Dias Machado
100 _aMoura, Ricardo Loyola de
100 _aCallado, Cátia Henriques
245 _aCoussapoa curranii: an endemic species of the Atlantic Forest, rare and threatened in Rio de Janeiro state, Brazil
500 _aPublicação on-line; 29 ref.; 1 table; 2 illus.; Summaries (En, Pt)
520 _a Abstract Recent in situ samplings and analysis of herbarium material revealed new occurrences of Coussapoa curranii (Urticaceae). In this study, an updated distribution map is given for the species in the Brazil. Nevertheless, due to the low representativeness of individuals in forestry surveys, and its natural occurrence in environments under threat of degradation, it is necessary to categorize this species as Critically Threatened (CR) according to IUCN criteria. Also, as a result of this study and in compliance with Target 8 of the Global Strategy for Plant Conservation, the species is being grown in the Parque Botânico do Ecomuseu Ilha Grande. This park is located in the area of its most recent record of natural occurrence, Parque Estadual da Ilha Grande, Angra dos Reis, Rio de Janeiro, Brazil. Key words: Atlantic Forest, biodiversity conservation, Brazilian flora, endangered species, GSPC targets. Resumo Recentes amostragens in situ e análises de material de herbário revelaram novas ocorrências de Coussapoa curranii (Urticaceae). Neste estudo, um mapa de distribuição atualizado é apresentado para a espécie no Brasil. No entanto, devido à baixa representatividade dos indivíduos em levantamentos florestais, e sua ocorrência natural em ambientes sob ameaça de degradação, é necessário categorizar esta espécie como Criticamente Ameaçada (CR) de acordo com os critérios da IUCN. Além disso, como resultado deste estudo e em conformidade com a Meta 8 da Estratégia Global para a Conservação de Plantas, a espécie está sendo cultivada no Parque Botânico do Ecomuseu Ilha Grande. Este parque está localizado na área de seu registro mais recente de ocorrência natural, Parque Estadual da Ilha Grande, Angra dos Reis, Rio de Janeiro, Brasil. Palavras-chave: Mata Atlântica, conservação da biodiversidade; flora brasileira, espécies em perigo de extinção, metas GSPC.
650 _aMATA ATLÂNTICA
650 _aCONSERVAÇÃO
650 _aBIODIVERSIDADE
650 _aFLORA
650 _aESPÉCIE EM EXTINÇÃO
773 0 _0709
_9357347
_dRio de Janeiro-RJ Jardim Botanico do Rio de Janeiro 1935
_o2025-5311
_tRodriguésia (Brazil)
_x0370-6583; 2175-7860 on-line
_gv. 72 p. 1-8; (2021)
_wBR2025002332
856 _uhttps://www.scielo.br/j/rod/a/nTdfkfsy7GMw3nyK4mWJk7F/?format=pdf&lang=en
942 _cANA
999 _c338278
_d338278